000 00497nam a2200181Ia 4500
005 20250326124248.0
008 250326s9999 xx 000 0 und d
037 _aTextbook
040 _aFMSL
_beng
_cFMSL
041 _aeng
_2eng
084 _aX:545 L8
_qFMSL
100 _aHolmes P M
_9737120
245 0 _aIndustrial pricing behaviour and develuation
_cHolmes P M
260 _aNY
_bNY, Macmillan
_c1978
300 _a170p
942 _cTB
_hX:545 L8
999 _c1272991
_d1272991